Wireless Audio/Video Transmission and friend Or Enemy Recognition / (Record no. 212142)

000 -LEADER
fixed length control field 00532 a2200169 4500
003 - CONTROL NUMBER IDENTIFIER
control field NUST
005 - DATE AND TIME OF LATEST TRANSACTION
control field 20251104155041.0
040 ## - CATALOGING SOURCE
Transcribing agency Nust
082 ## - DEWEY DECIMAL CLASSIFICATION NUMBER
Classification number 621.382,HUS
100 ## - MAIN ENTRY--PERSONAL NAME
Personal name Hussain, Aftab (TE-47)
9 (RLIN) 131534
245 ## - TITLE STATEMENT
Title Wireless Audio/Video Transmission and friend Or Enemy Recognition /
Statement of responsibility, etc. Capt Aftab Hussain, Capt Jamal Umair Awan, Capt Muhammad Asif and Aamir Riaz (TE-47)
260 ## - PUBLICATION, DISTRIBUTION, ETC.
Name of publisher, distributor, etc. Rawalpindi
Place of publication, distribution, etc. MCS (NUST)
Date of publication, distribution, etc. June 2014
300 ## - PHYSICAL DESCRIPTION
Extent 65 p.;
650 ## - SUBJECT ADDED ENTRY--TOPICAL TERM
Topical term or geographic name entry element UG Project
9 (RLIN) 131132
651 ## - SUBJECT ADDED ENTRY--GEOGRAPHIC NAME
Geographic name TE-47
9 (RLIN) 131535
942 ## - ADDED ENTRY ELEMENTS (KOHA)
Koha item type Project Report
Source of classification or shelving scheme
Holdings
Withdrawn status Lost status Source of classification or shelving scheme Damaged status Not for loan Permanent Location Current Location Shelving location Date acquired Full call number Barcode Date last seen Price effective from Koha item type Public note
          Military College of Signals (MCS) Military College of Signals (MCS) Reference 12/12/2016 621.382,HUS MCSPTE-224 12/08/2016 12/12/2016 Project Report Almirah No.90, Shelf No.4
© 2023 Central Library, National University of Sciences and Technology. All Rights Reserved.